000 00608nam a22002057a 4500
003 OSt
005 20140310182134.0
008 130828t xxu||||| |||| 00| 0 eng d
020 _a9712702074
050 _aDA 591
_b.D538 1998
082 _aHS 920
_bD54 1997
100 _aCartland, Barbara
_914861
245 _aDiana:
_ba commemorative biography /
_cBarbara Cartland.
260 _aPhilippines :
_bCachos Hermanos Inc,
_c1997.
300 _a276 p. ;
_c22 cm.
650 _aDiana, Princess of Wales, 1961
_xPortraits
_914862
650 _aPrincessess
_xGreat Britain
_914863
942 _2lcc
999 _c9732
_d9732